Score 0/21 Timer 06:00
1 Play Today
% Correct
Moby-Dick
94.6%
One Flew Over the Cuckoo's Nest
85.7%
To Kill a Mockingbird
84.4%
Of Mice and Men
83.9%
The Scarlet Letter
83.5%
The Joy Luck Club
74.6%
A Streetcar Named Desire
72.7%
Walden
72.2%
The Call of the Wild
71.4%
Rosencrantz and Guildenstern are Dead
70.5%
Frankenstein
69.6%
% Correct
Pygmalion
66.5%
The Cask of Amontillado
66.1%
The Importance of Being Earnest
52.8%
Waiting for Godot
52.8%
Incidents in the Life of a Slave Girl
50.1%
The Things They Carried
50%
Night
44.8%
A Doll's House
40.1%
Their Eyes Were Watching God
32.9%
A Raisin in the Sun
31.8%
Remove Ads.
Support Sporcle.
Get the best of Sporcle when you Go Orange. This ad-free experience offers more features, more stats, and more fun while also helping to support Sporcle. Thank you for becoming a member.

You're not logged in!

Compare scores with friends on all Sporcle quizzes.
OR
Log In

Show Comments

Extras

Top Quizzes Today


Score Distribution

Your Account Isn't Verified!

In order to create a playlist on Sporcle, you need to verify the email address you used during registration. Go to your Sporcle Settings to finish the process.

Report this User

Report this user for behavior that violates our Community Guidelines.

Details: